| 000 | 01063nam a2200229Ia 4500 | ||
|---|---|---|---|
| 999 |
_c40087 _d40087 |
||
| 001 | 6693 | ||
| 003 | GE_BSU | ||
| 005 | 20191223165809.0 | ||
| 008 | 181216s199 ||||ge |||||||||||||| ||geo|| | ||
| 040 | _cGE_BSU | ||
| 041 | _ageo | ||
| 080 | _a821.353.1 გ-44 | ||
| 100 |
_aგვარიშვილი, ნანა. _95921 |
||
| 245 |
_aრჩეული : _bლექსები / _cნანა გვარიშვილი ; შემდგ. დავით თედორაძე და ხათუნა თავდგირიძე ; რედ. ხათუნა თავდგირიძე. |
||
| 264 |
_aბათუმი : _bაჭარა, _c1999. |
||
| 300 |
_a233 გვ.: _bპორტრეტი ; _c20 სმ. |
||
| 653 | _aლექსები | ||
| 653 | _aრჩეული | ||
| 700 |
_aთედორაძე, დავით _eშემდგენელი _95922 |
||
| 700 |
_aთავდგირიძე, ხათუნა _eშემდგენელ - რედაქტორი _95923 |
||
| 942 |
_cBK _2udc |
||